00333nam a2200109Ia 4500008004100000082000800041100001600049245004000065942000600105952009700111999001500208240331s9999 xx 000 0 und d bKES aKesavan, K 0aThiravida Iyakkamum molik kolkaiyum cL 001040708LaWERCLbWERCLcSSCd2024-03-31l0o 304.2 KESp2312r2024-03-31w2024-03-31yL c1453d1453